Pripravenosť vstupu priemyselných podnikov na spoločný trh EÚ
Posúdenie pripravenosti SR na vstup do Európskej únie. Analýza podnikov všetkých odvetví slovenského priemyslu (prieskum dotazníkovou metódou). Výsledky analýzy.
Na minha lista:
| Autor principal: | |
|---|---|
| Outros Autores: | |
| Formato: | Capítulo de Livro |
| Idioma: | eslovaco |
| Assuntos: | |
| Tags: |
Sem tags, seja o primeiro a adicionar uma tag!
|
MARC
| LEADER | 00000naa a2200000 4500 | ||
|---|---|---|---|
| 001 | r046746 | ||
| 005 | 20221128115114.6 | ||
| 041 | 0 | |a slo | |
| 044 | |a SK | ||
| 245 | 1 | 0 | |a Pripravenosť vstupu priemyselných podnikov na spoločný trh EÚ |c Miroslav Majtán, Jana Sršňová |
| 520 | |a Posúdenie pripravenosti SR na vstup do Európskej únie. Analýza podnikov všetkých odvetví slovenského priemyslu (prieskum dotazníkovou metódou). Výsledky analýzy. | ||
| 610 | 2 | 0 | |a podnik priemyselný |
| 610 | 2 | 0 | |a odvetvia priemyselné |
| 610 | 2 | 0 | |a Slovensko |
| 610 | 2 | 0 | |a Európska únia |
| 610 | 2 | 0 | |a integrácia ekonomická medzinárodná |
| 610 | 2 | 0 | |a trh zahraničný |
| 610 | 2 | 0 | |a vývoz |
| 610 | 2 | 0 | |a dotazníky |
| 610 | 2 | 0 | |a prieskum trhu |
| 100 | 1 | |a Majtán, Miroslav | |
| 700 | 1 | |a Sršňová, Jana | |